000 00499nam a2200169Ia 4500
003 GCL
008 140319s9999 xx 000 0 ara d
040 _aGCL /
_cGCL
082 0 4 _a923.1
_bا م
100 1 _aاسامة خليل
245 1 0 _aوللملوك اسرار /
_cاسامة خليل
300 _a253 ص
490 _aالهيئة العامة للاستعلامات
_v0
650 0 4 _aالملوك والحكام - تراجم
650 0 4 _aالملكات - تراجم
942 _2ddc
_cBK
999 _c47811
_d47811